header

Practical design of steel structures (Record no. 7615)

MARC details
000 -LEADER
fixed length control field 01277nam a2200301 a 4500
001 - CONTROL NUMBER
control field ebr10698311
003 - CONTROL NUMBER IDENTIFIER
control field CaPaEBR
006 - FIXED-LENGTH DATA ELEMENTS--ADDITIONAL MATERIAL CHARACTERISTICS--GENERAL INFORMATION
fixed length control field m o u
007 - PHYSICAL DESCRIPTION FIXED FIELD--GENERAL INFORMATION
fixed length control field cr cn|||||||||
008 - FIXED-LENGTH DATA ELEMENTS--GENERAL INFORMATION
fixed length control field 130524s2010 stkad sb 001 0 eng d
020 ## - INTERNATIONAL STANDARD BOOK NUMBER
Cancelled/invalid ISBN 9781439835715
Cancelled/invalid ISBN 9781904445920
Cancelled/invalid ISBN 9781849950251 (e-book)
040 ## - CATALOGING SOURCE
Original cataloging agency CaPaEBR
Transcribing agency CaPaEBR
035 ## - SYSTEM CONTROL NUMBER
System control number (OCoLC)849933549
050 14 - LIBRARY OF CONGRESS CALL NUMBER
Classification number TA684
Item number .G46 2010eb
100 1# - MAIN ENTRY--PERSONAL NAME
Personal name Ghosh, Karuna Moy.
245 10 - TITLE STATEMENT
Title Practical design of steel structures
Medium [electronic resource] :
Remainder of title based on Eurocode 3 (with case studies) : a multibay melting shop and finishing mill building /
Statement of responsibility, etc Karuna Moy Ghosh.
260 ## - PUBLICATION, DISTRIBUTION, ETC. (IMPRINT)
Place of publication, distribution, etc Dunbeath, Scotland :
Name of publisher, distributor, etc Whittles Pub. ;
Place of publication, distribution, etc Boca Raton, Fla. :
Name of publisher, distributor, etc CRC Press,
Date of publication, distribution, etc 2010.
300 ## - PHYSICAL DESCRIPTION
Extent xi, 211 p. :
Other physical details ill.
504 ## - BIBLIOGRAPHY, ETC. NOTE
Bibliography, etc Includes bibliographical references and index.
533 ## - REPRODUCTION NOTE
Type of reproduction Electronic reproduction.
Place of reproduction Palo Alto, Calif. :
Agency responsible for reproduction ebrary,
Date of reproduction 2013.
Note about reproduction Available via World Wide Web.
-- Access may be limited to ebrary affiliated libraries.
650 #0 - SUBJECT ADDED ENTRY--TOPICAL TERM
Topical term or geographic name as entry element Building, Iron and steel.
Topical term or geographic name as entry element Structural design.
655 #7 - INDEX TERM--GENRE/FORM
Genre/form data or focus term Electronic books.
Source of term local
710 2# - ADDED ENTRY--CORPORATE NAME
Corporate name or jurisdiction name as entry element ebrary, Inc.
856 40 - ELECTRONIC LOCATION AND ACCESS
Uniform Resource Identifier <a href="http://site.ebrary.com/lib/rucke/Doc?id=10698311">http://site.ebrary.com/lib/rucke/Doc?id=10698311</a>
Public note An electronic book accessible through the World Wide Web; click to view

No items available.

© 2026 Rongo University
Contact us: librarian | system librarian | Rongo university